Réponses a plusieurs passages de la brochure de Mr. de Chateaubriand, intitulée: De Buonaparte et des Bourbons. (Запись № 13354660)

Подробности
000 -МАРКЕР
контрольное поле 01760nam0a2200361 4500
001 - ИДЕНТИФИКАТОР ЗАПИСИ
контрольное поле RU\NLR\BIBL_A\022444458
005 - ИДЕНТИФИКАТОР ВЕРСИИ
контрольное поле 20260407091638.0
035 ## - ДРУГИЕ СИСТЕМНЫЕ НОМЕРА
Идентификатор записи (NLR Aleph) 022444458
100 ## - ДАННЫЕ ОБЩЕЙ ОБРАБОТКИ
Данные общей обработки 20250204d1814 |||y0rusy50 ca
101 0# - ЯЗЫК РЕСУРСА
Язык текста, звукозаписи и т.д. французский
102 ## - СТРАНА ПУБЛИКАЦИИ ИЛИ ПРОИЗВОДСТВА
Страна публикации российская федерация
140 ## - ПОЛЕ КОДИРОВАННЫХ ДАННЫХ: СТАРОПЕЧАТНЫЕ ИЗДАНИЯ - ОБЩАЯ ИНФОРМАЦИЯ
Кодированные данные о старопечатном издании - Основные y y |||||||| ya 000
200 1# - ЗАГЛАВИЕ И СВЕДЕНИЯ ОБ ОТВЕТСТВЕННОСТИ
Основное заглавие Réponses a plusieurs passages de la brochure de Mr. de Chateaubriand, intitulée: De Buonaparte et des Bourbons.
Первые сведения об ответственности Par A.F.
210 ## - ПУБЛИКАЦИЯ, РАСПРОСТРАНЕНИЕ И ДР.
Место издания, распространения и т.д. St.-Pétersbourg [St.- Peterburg]
Имя издателя, распространителя и т. д. de l'imprimerie de Pluchart et comp.
Дата издания, распространения и т.д. 1814
215 ## - ФИЗИЧЕСКАЯ ХАРАКТЕРИСТИКА
Специфическое обозначение материала и объем [4], 80 с.
Размеры 8° (23 см)
500 10 - УНИФИЦИРОВАННОЕ ЗАГЛАВИЕ
Связь между полями z01702
Унифицированное заглавие De Buonaparte et des Bourbons
540 1# - ДОПОЛНИТЕЛЬНОЕ ЗАГЛАВИЕ, ПРИМЕНЯЕМОЕ КАТАЛОГИЗАТОРОМ
Заглавие Возражения на некоторые места из брошюры Шатобриана «О Бонапарте и Бурбонах»
607 ## - ГЕОГРАФИЧЕСКОЕ НАИМЕНОВАНИЕ КАК ПРЕДМЕТ
Географическое наименование Франция
Формальный подзаголовок Источники и источниковедение
Тематический подзаголовок История
Хронологический подзаголовок 1799 - 1815
Системный номер авторитетной/нормативной записи 1365155
Идентификатор авторитетной/нормативной записи RU\NLR\AUTH\66571497
620 ## - МЕСТО И ДАТА ПУБЛИКАЦИИ, ИСПОЛНЕНИЯ И Т. Д.
Город St.- Peterburg
686 3# - ИНДЕКСЫ ДРУГИХ КЛАССИФИКАЦИЙ
Индекс Т3(4Фр)512,014
701 #0 - ИМЯ ЛИЦА - АЛЬТЕРНАТИВНАЯ ОТВЕТСТВЕННОСТЬ
Начальный элемент ввода A.F.
Дополнения к именам, кроме дат псевдоним
Код отношения Автор
702 #1 - ИМЯ ЛИЦА - ВТОРИЧНАЯ ОТВЕТСТВЕННОСТЬ
Код отношения Прочие
Графика поля Латинская
Материалы, к которым относится поле fre
Начальный элемент ввода Chateaubriand
Часть имени, кроме начального элемента ввода F. R. de
Даты 1768-1848
Расширение инициалов личного имени François René de
Системный номер авторитетной/нормативной записи 250135
Идентификатор авторитетной/нормативной записи RU\NLR\AUTH\770250191
702 #1 - ИМЯ ЛИЦА - ВТОРИЧНАЯ ОТВЕТСТВЕННОСТЬ
Код отношения Печатник (типограф)
Графика поля Латинская
Материалы, к которым относится поле rus
Начальный элемент ввода Pljušar
Часть имени, кроме начального элемента ввода A. I.
Даты 1777-1827
Расширение инициалов личного имени Aleksandr Ivanovič
Системный номер авторитетной/нормативной записи 226189
Идентификатор авторитетной/нормативной записи RU\NLR\AUTH\770226245
712 02 - НАИМЕНОВАНИЕ ОРГАНИЗАЦИИ - ВТОРИЧНАЯ ОТВЕТСТВЕННОСТЬ
Код отношения Печатник (типограф)
Материалы, к которым относится поле fre
Начальный элемент ввода Pluchart et co., imprimerie
Идентифицирующий признак St.-Pétersbourg
Графика поля Латинская
Идентификатор авторитетной/нормативной записи RU\NLR\AUTH\8810049335
Системный номер авторитетной/нормативной записи 598756
852 ## - МЕСТОНАХОЖДЕНИЕ И ШИФР ХРАНЕНИЯ
Идентификатор организации NLR
Шифр хранения (Call Number) 10.16.4.226
942 ## - ДОПОЛНИТЕЛЬНЫЕ ЭЛЕМЕНТЫ ЗАПИСИ (АБИС)
Тип экземпляра АБИС Книга
980 ## - КОЛЛЕКЦИЯ
Название коллекции Иностранная рекаталогизация: 17-19 век
980 ## - КОЛЛЕКЦИЯ
Название коллекции Национальная библиография
Экземпляры
Тип экземпляра Дата поступления Библиотека постоянного хранения Библиотека текущего хранения Место хранения Штрих-код Статус не для выдачи
Книга 23.04.2025 РНБ (Садовая) РНБ (Садовая) Иностранный книжный фонд, главное здание (Садовая) ERR-355049